| 000 | 00819nam a2200253Ia 4500 | ||
|---|---|---|---|
| 003 | OSt | ||
| 005 | 20220918164604.0 | ||
| 006 | a|||||r|||| 00| 0 | ||
| 007 | ta | ||
| 008 | 220917b |||||||| |||| 00| 0 eng d | ||
| 020 |
_a0691120528 (hbk) _c2374.75 |
||
| 024 | _a289,121 | ||
| 037 |
_b112, 03/03/2016, Better Book Services _cTextual |
||
| 040 |
_aARTS _cARTS _beng |
||
| 041 |
_2eng _aeng |
||
| 082 | _aR3xL70:g, P5 | ||
| 100 |
_aHegel George Wilhelm Friedrich _919610 |
||
| 245 | 0 | _aHegel's preface to the phenomenology of spirit | |
| 260 |
_aPrinceton _bPrinceton University Press UK _c2005 |
||
| 300 |
_axii, 223p. _ccm. |
||
| 650 | _aPHILOSOPHY | ||
| 942 |
_hR3xL70:g, P5 _cTEXL _2CC |
||
| 999 |
_c125473 _d125473 |
||